Aspectos de las relaciones económicas entre países latinoamericanos y la CEE /
Na minha lista:
| Autor principal: | |
|---|---|
| Formato: | Texto |
| Tags: |
Adicionar Tag
Sem tags, seja o primeiro a adicionar uma tag!
|
MARC
| LEADER | 00000 a a2200000 04500 | ||
|---|---|---|---|
| 001 | 654 | ||
| 003 | |||
| 040 | |||
| 100 | |a Paniev, Yuri | ||
| 245 | |a Aspectos de las relaciones económicas entre países latinoamericanos y la CEE / |c Yuri Paniev | ||
| 773 | |g número 5; páginas 17-31 | ||
| 999 | |c 35305 |d 35305 | ||
